000 00369nam a2200169Ia 4500
001 21660
003 IN-NITTTR
005 20251114233246.0
008 251113s9999||||xx |||||||||||||| ||eng||
040 _beng
040 _cIN-NITTTR
041 _aeng
082 _a813 S37O
100 _aSegal, Erich
245 0 _aOliver's story /
_cSegal, Erich
942 _2ddc
_cBK
999 _c24290
_d24290